| 000 | 00782cam a2200241u 4500 | ||
|---|---|---|---|
| 001 | agr44000011 | ||
| 003 | DLC | ||
| 005 | 20260227111002.0 | ||
| 008 | 830523m19431946dcu|||||||||| 0 | eng | ||
| 010 | _aagr44000011 | ||
| 035 | _a(OCoLC)ocm05455025 | ||
| 040 |
_aDLC _cCarP _dDLC |
||
| 043 | _an-us--- | ||
| 050 | 0 | 0 |
_aHD9001 _b.A78 |
| 110 | 1 |
_aUnited States. _bOffice of marketing services. [from old catalog] |
|
| 245 | 1 | 0 | _aReport of the director ... |
| 260 |
_a[Washington] _bU. S. Dept. of agriculture _c[1943-46] |
||
| 300 |
_a3 v. _c23 cm. |
||
| 500 | _aSerial. | ||
| 650 | 0 |
_aFood supply _zUnited States. |
|
| 650 | 0 |
_aWorld War, 1939-1945 _xFood supply _zUnited States. |
|
| 710 | 1 |
_aUnited States. _bWar food administration. _bOffice of distribution. [from old catalog] |
|
| 999 |
_c10275 _d10275 |
||